[Event "URS-ch58"]
[Site "Moscow"]
[Date "1991.??.??"]
[Round "6"]
[White "Maljutin, Evgeni"]
[Black "Titov, German1"]
[Result "1/2-1/2"]
[WhiteElo "2435"]
[BlackElo "2505"]
[Annotator "Stohl,I"]
[PlyCount "135"]
[EventDate "1991.11.??"]
[EventType "swiss"]
[EventRounds "11"]
[EventCountry "URS"]
[SourceTitle "URS-ch"]
[Source "ChessBase"]
[SourceDate "1999.07.01"]
[SourceVersion "1"]
[SourceVersionDate "1999.07.01"]
[SourceQuality "1"]

1. e4 d6 2. d4 Nf6 3. Nc3 e5 $5 4. dxe5 (4. f3 $5 {Chandler}) 4... dxe5 5.
Qxd8+ Kxd8 6. Bg5 Be6 7. O-O-O+ Nbd7 (7... Kc8 8. f4 exf4 9. Nge2 Bd6 10. Bxf4
Bxf4+ 11. Nxf4 Bg4 12. Re1 Nc6 13. Nfd5 $1 $36 {Dreev,A-Bebchuk,E,Moscow4
1991-TD 91_03}) 8. f4 (8. Nf3 Kc8 9. a3 c6 10. Bh4 $5 Bc5 11. Ng5 Re8 12. Nxe6
Rxe6 13. Bc4 Re7 14. Ne2 Kc7 15. Rd3 Rf8 16. f3 Nb6 17. Ba2 Rd7 $10 {
Kasashvili,K-Zvjaginsev,V,URS-chJ Alma-Ata 1991-TD 91_03}) 8... exf4 9. Nf3 h6
(9... Kc8 $6 10. Bxf4 Ng4 (10... Bb4 11. Nb5 Ba5 12. Bd3 Ng4 13. Rhf1 $36) 11.
Nb5 $1 Nf2 12. Nxc7 Nxh1 13. Nxa8 Nf2 14. Rd4 Bc5 15. Ra4 Rd8 16. Be2 $16 {
Maliutin,E-Komliakov,A,URS-chT Azov 1991-CBM 25}) (9... Be7 10. Bxf4 c6 11. Nd4
Bb4 12. e5 Bxc3 13. exf6 $1 Bxd4 14. Rxd4 gxf6 15. Bd3 c5 16. Re4 Ke7 17. Rhe1
$146 {׻,Svidler,P-Zvjaginsev,V,URS-chJ Alma-Ata 1991-TD 91_03}) (9... Bc5 $5
10. Bxf4 Ng4 11. Rd2 Be3 12. Bxe3 Nxe3 13. Bb5 c6 14. Re1 Ng4 15. Bf1 Kc7 16.
e5 Rad8 17. h3 Nh6 18. g4 Ng8 19. Bg2 Nc5 $10 {Brodskij,M-Shabanov,Y,Moscow6
1991-TD 91_03}) 10. Bxf4 c6 (10... Bb4 $6 11. Nb5 Ba5 12. Ne5 Bb6 13. Bc4 Bxc4
14. Nxc4 Rc8 15. e5 Nh5 16. Bd2 {/\g4+-} g5 17. Rhf1 Rh7 18. e6 $1 fxe6 19.
Bxg5+ hxg5 (19... Ke8 20. Ncd6+ $1 cxd6 21. Nxd6#) 20. Rf8+ $18 {Stempin,
P-Pyda,Z,Warsaw ch-PL 1990}) (10... Bc5 $5 11. Nb5 Bb6 {/\Ne4,a6}) 11. a3 (11.
e5 $142 Nd5 12. Nxd5 Bxd5 13. Nd4 Bc5 14. Nf5 g5 15. Bg3 Be6 16. Bd3 (16. Nd6
$5 Kc7 17. Be2 $36 {/\Bh5,Rhf1}) 16... Kc7 17. Rhf1 Raf8 18. c3 a5 19. Nd6 f6
$5 20. exf6 Bxd6 21. Bxd6+ Kxd6 22. Bf5+ Kc7 23. Bxe6 Nxf6 $10 {Ziatdinov,
R-Strikovic,A,Cacak 1991-EXP 23}) 11... Bc5 12. Nd4 (12. b4 Be7 {/\a5<=>})
12... Bg4 13. Be2 Bxe2 14. Ndxe2 Ng4 $1 $10 15. Na4 (15. Rhf1 Ke7 16. h3 Ne3
$15) 15... Be7 16. Rhf1 Ke8 17. h3 Nge5 18. Nd4 g6 $8 19. Nf3 Nxf3 20. Rxf3 $8
(20. gxf3 $6 Bg5 21. Bxg5 hxg5 $36 {/\Ne5,><h3}) 20... Bg5 21. g3 Ke7 22. h4
Bxf4+ $8 (22... Bf6 $2 23. Bd6+ Ke6 24. Bb4 Be5 25. Rfd3 $16) 23. gxf4 h5 24.
Nc3 Rad8 25. Rdf1 $6 (25. Rfd3 Nc5 26. Rxd8 Rxd8 27. Rxd8 Kxd8 28. Kd2 $10)
25... Rhf8 26. Nd1 Nf6 27. Nf2 (27. Nc3 Rd4 $36) 27... Ng4 $15 28. Rb3 (28. Rg3
Nxf2 29. Rxf2 Rd4 30. Re3 Rfd8 $15 {<->d}) 28... b6 29. Rc3 c5 30. b4 $6 (30.
Rd3 $15) 30... cxb4 31. axb4 Rc8 $1 $17 32. Kb2 (32. Rxc8 Rxc8 33. Nd3 Rc4 34.
Re1 Nf6 $17) 32... Rxc3 33. Kxc3 Rc8+ 34. Kb3 Ne3 {><c2,f4,h4} 35. Ra1 Rc7 36.
c3 Ng2 37. Nd3 Nxh4 38. c4 f6 (38... Nf3 $5 $17) 39. c5 Nf3 40. Kc3 g5 41. fxg5
fxg5 $6 (41... Nxg5 42. Kd4 h4 $17) 42. Rf1 $1 g4 (42... Nh4 43. Rg1 $132) 43.
Nf4 $132 {/\Nd5,Nh5} Rc8 44. Nxh5 bxc5 45. Ra1 cxb4+ 46. Kxb4 $15 Rc7 47. Ra6
Ne5 48. Kb3 Nc6 49. Nf4 Kd6 (49... Kd7 50. Nd5 Rb7+ 51. Kc4 g3 52. Ra3 Ne5+ 53.
Kc5 g2 54. Rg3 $10) 50. Nd5 Rc8 51. Ne3 $1 Rg8 $8 52. e5+ Kc5 53. e6 g3 54. e7
Re8 (54... Nxe7 55. Rxa7 Nd5 $5 56. Ra5+ Kd4 57. Nf5+ $10) 55. Nf5 g2 56. Ra1
Nxe7 57. Nh4 $1 Rg8 58. Rg1 Rg3+ (58... Nc6 59. Rxg2 $10 (59. Nxg2 $2 Nd4+ 60.
Kb2 Ne2 $15)) 59. Ka2 Rg4 60. Nxg2 Nd5 61. Rc1+ Kb4 62. Ne1 $10 Ka4 63. Nd3
Rg2+ 64. Nb2+ Kb5 65. Rc8 Rg3 66. Rb8+ Kc5 67. Rc8+ Kd4 68. Rc4+ (68. Rc4+ Ke5
69. Rc5 $10) 1/2-1/2

[Event "Groningen"]
[Site "Groningen"]
[Date "1991.??.??"]
[Round "8"]
[White "Romanishin, Oleg M"]
[Black "Hansen, Curt"]
[Result "0-1"]
[WhiteElo "2600"]
[BlackElo "2600"]
[Annotator "Stohl,I"]
[PlyCount "80"]
[EventDate "1991.12.??"]
[EventType "tourn"]
[EventRounds "9"]
[EventCountry "NED"]
[EventCategory "13"]
[SourceTitle "CBM 027"]
[Source "ChessBase"]
[SourceDate "1992.04.01"]
[SourceVersion "1"]
[SourceVersionDate "1992.04.01"]
[SourceQuality "1"]

1. d4 {Ernst} Nf6 2. Nf3 g6 3. g3 Bg7 4. Bg2 O-O 5. O-O d6 6. Nc3 $5 (6. c4 {
-E6}) 6... Nbd7 (6... Bg4 $5 7. h3 Bxf3 8. Bxf3 Nc6 $132) 7. e4 e5 8. a4 (8. h3
Re8 (8... c6 9. a4 a5 {-8.a4}) 9. Re1 (9. Bg5 exd4 10. Nxd4 h6 11. Bf4 Ne5 12.
b3 a6 13. Qd2 Kh7 14. Rad1 b5 15. Nd5 Bb7 16. Rfe1 c5 $1 17. Nxf6+ Qxf6 18. Ne2
g5 $36 {Marjanov,Z-Laketic,G,JUG-Cup f Pula 1991-TD 91_07}) 9... c6 10. a4 Qc7
11. Be3 b6 12. d5 $5 Bb7 13. Nd2 cxd5 14. exd5 a6 15. g4 Rac8 16. Nf1 h5 $5 17.
g5 Nh7 18. Ng3 Nc5 19. Nge4 Rb8 $1 $13 {Bernard,C-Stangl,M,Wildbad 1990-EXP 20}
) (8. Re1 h6 9. h3 c6 10. a4 Re8 (10... Nh7 $5 {/\Ng5-e6<=>}) 11. Be3 exd4 12.
Nxd4 Ne5 13. Qe2 d5 14. exd5 cxd5 15. b3 Nc6 16. Qd2 Kh7 $14 {Lazic,M-Ilincic,
Z,JUG-ch 1990-CBM 17}) (8. dxe5 dxe5 9. a4 c6 10. b3 Re8 11. Ba3 Bf8 12. Bxf8
Kxf8 13. Nd2 Qe7 14. Nc4 Nb6 15. Nxb6 axb6 16. Qd2 Kg7 17. Rad1 Bg4 18. f3 Qc5+
19. Qf2 Be6 $10 {Smyslov,V-Ivanovic,B,Manila izt 1990-CBM 19}) 8... c6 (8... a5
{Ernst} 9. dxe5 dxe5 10. b3 Re8 11. Ba3 Bf8 12. Bxf8 Kxf8 $10 {Smyslov -
Petrosjan, Moskau 1981}) 9. a5 {N} (9. h3 a5 $5 10. Be3 exd4 11. Nxd4 Re8 12.
Re1 Nc5 13. f3 Nfd7 (13... Qc7 14. Bf2 Bd7 15. Qd2 Rad8 16. Rad1 Bc8 17. b3 $14
{() Kupka,S-Salaba,J,Bratislava ch-CS 1991}) 14. Bf2 Qb6 15. b3 Nf8 16. Qd2 Qb4
17. Rad1 Be6 18. Nb1 $5 Qxd2 19. Nxd2 Nfd7 20. f4 $14 {Romanishin,O-Akopian,V,
Erevan 1989-CBM 14}) (9. b3 $5 Re8 10. Ba3 exd4 11. Nxd4 Nc5 12. Re1 Ng4 (12...
a5 $142 13. Qd2 Qb6 $132) 13. Qd2 Ne6 14. Nde2 Qf6 15. f3 Bh6 16. f4 Qd8 17. h3
Qb6+ 18. Kh1 Qe3 19. Qc1 $1 $16 {Spasski,B-Gligoric,S,Montilla 1978}) 9... Re8
10. Re1 Qc7 11. h3 Rb8 $5 (11... exd4 12. Nxd4 Nc5 13. Bf4 $36 {/\Ndb5!}) 12.
Be3 (12. dxe5 dxe5 13. Be3 b5 14. axb6 axb6 $10) 12... b5 13. axb6 axb6 14. d5
$5 (14. Qd2 b5 $10) 14... Bb7 (14... cxd5 $6 15. exd5 {/\Nb5-a7-c6} b5 16. Ra7
$36) 15. Nd2 b5 $1 $132 16. dxc6 Bxc6 17. Ra7 (17. b4 $5 {/\Nb3-a5} Ba8 $13)
17... Rb7 18. Rxb7 Qxb7 19. Nb3 $6 (19. b4 d5 20. exd5 Nxd5 21. Nxd5 Bxd5 22.
Bxd5 Qxd5 23. c4 $1 bxc4 24. Nxc4 $10) 19... b4 20. Nd5 $8 (20. Na5 Qc7 21.
Nxc6 bxc3 $17) 20... Nxd5 21. exd5 Ba4 {/\Bb3,e4} 22. Na5 $8 Qc7 23. Nc6 e4 $1
$15 24. Bf4 f5 25. b3 (25. Nxb4 $142 Bxb2 26. Nc6 Ne5 $5 $15 (26... Nf6 27. g4
$5 $132)) 25... Bxc6 26. dxc6 Qxc6 27. Qxd6 (27. Bxd6 Bc3 28. Rf1 Nf6 29. Bf4
Nd5 $17) 27... Qxd6 28. Bxd6 Bc3 29. Rd1 Ne5 30. Bc5 $2 (30. Bxe5 $142 Bxe5 31.
Bf1 Re7 $15) 30... Ra8 31. Rd5 Ra1+ 32. Kh2 Rc1 $1 33. g4 (33. Bd4 Bxd4 34.
Rxd4 Rxc2 35. Rxb4 Rxf2 $19) (33. Bxb4 Bxb4 34. Rxe5 Rxc2 35. Kg1 Bc5 $19)
33... Rxc2 34. gxf5 gxf5 $17 35. Kg3 (35. Bd6 $142 Nd3 36. Rxf5 Nxf2 $17) 35...
Nd3 $1 36. Be3 (36. Rxf5 $5 Be5+ 37. Rxe5 Nxe5 38. Bxb4 Rb2 (38... Nd3 39. Bxe4
$1 $15) 39. Bd6 Rxb3+ 40. Kf4 Nd3+ 41. Kxe4 Nxf2+ 42. Kf5 Rd3 $19) 36... f4+
$19 37. Bxf4 Nxf4 38. Kxf4 Rxf2+ 39. Kg3 e3 {/\e2-+} 40. Bf3 e2 0-1

[Event "Moscow Alekhine op"]
[Site "Moscow"]
[Date "1992.??.??"]
[Round "?"]
[White "Dolmatov, Sergey"]
[Black "Sturua, Zurab"]
[Result "1/2-1/2"]
[WhiteElo "2610"]
[BlackElo "2545"]
[Annotator "Stohl,I"]
[PlyCount "112"]
[EventDate "1992.10.??"]
[EventType "swiss"]
[EventRounds "9"]
[EventCountry "RUS"]
[SourceTitle "CBM 033"]
[Source "ChessBase"]
[SourceDate "1993.04.01"]
[SourceVersion "1"]
[SourceVersionDate "1993.04.01"]
[SourceQuality "1"]

1. e4 g6 2. d4 Bg7 3. c3 d6 4. Nf3 (4. f4 Nf6 5. e5 {Plachetka,J-Hoi,C,Ostrava
1992-CBM 33}) 4... Nf6 5. Bd3 O-O 6. O-O Nc6 7. h3 e5 (7... Nd7 $5 $13 {/\e5})
(7... Re8 8. Nbd2 a6 $6 (8... e5 $142 $132) 9. Re1 Nd7 10. Nf1 e5 11. Bg5 Bf6
12. Be3 Qe7 13. Rc1 Nf8 14. a3 Bg7 15. Ng3 h6 16. d5 $1 Nd8 17. b4 Nd7 18. Nd2
$16 {(),-><<,Moravietz,D-Lau,R,Porz 1992-CBM 31}) 8. Re1 Re8 (8... a6 9. Be3 h6
10. Na3 Re8 11. Qd2 $6 exd4 12. cxd4 Nxe4 13. Bxe4 Rxe4 14. Bxh6 d5 $1 15. Bxg7
Kxg7 16. Nc2 Qf6 17. Qg5 Bf5 18. Qxf6+ Kxf6 19. Ne3 Be6 20. Rad1 $10 {
Kuporosov,V-Ehlvest,J,Helsinki op 1992-CBM 32}) (8... Bd7 9. Be3 Re8 10. Nbd2
h6 11. a3 Nh5 12. b4 Nf4 13. Bxf4 exf4 14. Bc4 Re7 15. Nb3 Qe8 16. Qd3 Nd8 17.
Nbd2 Kh8 18. Re2 a6 19. Rae1 $14 {[+],Kuporosov,V-Sturua,Z,Helsinki op
1992-CBM 32}) 9. Nbd2 (9. dxe5 dxe5 (9... Nxe5 10. Nxe5 Rxe5 $5 $13) 10. Na3
Qe7 11. Nc4 Rd8 12. Qc2 Nh5 13. Bg5 Bf6 14. Bh6 Nf4 15. Bf1 Bg7 16. Bg5 f6 17.
Bh4 Be6 18. Nfd2 Bh6 19. Red1 $10 {Davies,N-Gavrikov,V,Budapest Texta 1988-CBM
09}) 9... Bd7 (9... d5 $5 10. Bb5 $5 (10. dxe5 Nxe4 (10... Nxe5 11. Nxe5 Rxe5
12. f4 $36) 11. Nxe4 dxe4 12. Bxe4 Qxd1 13. Rxd1 Nxe5 14. Nxe5 Bxe5 $10 {
/\c6,Be6}) (10. exd5 Nxd5 $10) 10... exd4 11. Nxd4 Bd7 12. Bxc6 bxc6 $13) 10.
Bc2 h6 (10... d5 11. dxe5 Nxe4 12. Nxe4 dxe4 13. Bxe4 $36 {/\><b7}) 11. Nf1 Nh7
12. Ng3 $14 {()} Ng5 $6 (12... Qe7 $142 $14 {/\Qf8,f5,h5,Bh6}) 13. Nxg5 hxg5
14. Be3 {><g5} Bf6 15. d5 Nb8 16. f3 Be7 17. Ne2 Kg7 18. g4 $5 (18. c4 f5 19.
b4 $16) 18... c6 19. c4 {()} cxd5 20. cxd5 Qa5 21. a3 (21. Nc3 Bd8 22. Kg2 Bb6
23. Bd2 Qa6 $132 {/\Bd4}) 21... Rc8 (21... Bd8 22. b4 Qa6 23. Kg2 Bb6 24. Bd2 {
ףa6,/\a4,b5}) 22. b4 Qd8 23. Qd2 a5 24. Bd3 Na6 $1 (24... axb4 25. Qxb4 $1 $18
{><b7}) 25. Kg2 (25. bxa5 $6 Nc5 $13) 25... axb4 26. axb4 Nc7 27. Nc3 Rxa1 28.
Rxa1 Ra8 $14 29. Rc1 {/\Bb6+-} Na6 $8 (29... Ne8 30. Nb5 $16) 30. Qb2 Qe8 31.
Ra1 {/\Ra5,Qa3} Nc7 $8 32. Rxa8 Qxa8 33. Kf2 (33. b5 Qa5 34. b6 Na6 $132) 33...
Bd8 34. Ke2 Qc8 35. Kd2 Na8 (35... f5 36. b5 {/\Qb4><d6}) 36. Qa3 Qb8 $8 (36...
f6 {/\Bb6} 37. Qa7 $1 $36) 37. Na4 $5 (37. Nb5 Bxb5 38. Bxb5 f6 39. Qa7 Qxa7
40. Bxa7 Bb6 41. Bb8 Bc7 $10) 37... f6 (37... Bxa4 38. Qxa4 $16 {/\Qd7,Qe8})
38. b5 Ba5+ 39. Ke2 Kf8 40. Nb2 Bc7 (40... Bb6 41. Nc4 Bxe3 42. Kxe3 Ke7 43. b6
$16 {פa8}) 41. Nc4 $1 (41. Qb4 Nb6 $14 {/\Ke7}) 41... Bxb5 $8 (41... b6 42.
Qb4 {><b6,d6,Na8}) 42. Nxe5 Be8 $1 $8 (42... Bxd3+ 43. Nxd3 Bb6 44. Bd2 $16 {
><d6,f6}) 43. Nc4 b5 44. Nd2 (44. Nb2 Bb6 45. Bxb6 Nxb6 46. Qb4 Ke7 47. Nd1 (
47. Bxb5 $4 Nc8 $19) 47... Na4 $132) (44. Na5 $142 $5 b4 45. Qa1 $36) 44... Bb6
45. Bxb6 Nxb6 46. Nb3 (46. Qb4 Na4 47. Nc4 Nc5 $132) 46... Na4 {/\b4} 47. Qb4
$8 Qb6 48. Qd4 $6 (48. Nd4 Ke7 $1 $14 {/\} 49. Bxb5 $2 Bxb5+ 50. Nxb5 Qxb5+ $1
$19) 48... Qxd4 49. Nxd4 b4 $132 50. Kd2 Nc5 51. Bb5 (51. Bc4 Ba4 $10) 51...
Nb3+ $1 {><h3,f3} 52. Nxb3 Bxb5 53. Nd4 Bc4 54. Nc6 (54. Kc2 Ke8 55. Kb2 Kd7
$10) 54... b3 55. Nd4 Ke7 56. Kc3 Bf1 (56... Bf1 57. Kxb3 Bxh3 58. Kc4 Bg2 $10
{[Stohl]}) 1/2-1/2

[Event "USA-ch"]
[Site "Key West"]
[Date "1994.??.??"]
[Round "12"]
[White "Browne, Walter Shawn"]
[Black "Benjamin, Joel"]
[Result "0-1"]
[WhiteElo "2535"]
[BlackElo "2610"]
[Annotator "Stohl,I"]
[PlyCount "56"]
[EventDate "1994.10.??"]
[EventType "tourn"]
[EventRounds "13"]
[EventCountry "USA"]
[EventCategory "13"]
[SourceTitle "CBM 044"]
[Source "ChessBase"]
[SourceDate "1995.02.01"]
[SourceVersion "1"]
[SourceVersionDate "1995.02.01"]
[SourceQuality "1"]

1. d4 d6 2. e4 Nf6 3. Nc3 c6 4. Nf3 (4. f4 $142 {()}) 4... Bg4 5. Be2 e6 6. h3
Bh5 7. O-O Be7 8. Be3 (8. Nd2 Bxe2 9. Qxe2 d5 10. e5 Nfd7 11. Qg4 g6 12. Nf3 h5
13. Qf4 a6 14. Rd1 c5 15. Ne2 cxd4 16. Nexd4 Qc7 17. h4 Nc6 18. Nxc6 Qxc6 19.
c3 Rc8 20. Be3 Qb5 21. Bd4 Nc5 22. b3 Qe2 23. Be3 Qc2 24. c4 dxc4 25. Rdc1 Qe4
$10 {Ioseliani,N-Hausner,I/Prague Mladi/1994/}) 8... Nbd7 (8... d5 $5 9. e5
Nfd7 {/\c5<=>}) (8... O-O 9. Nd2 Bxe2 10. Qxe2 (10. Nxe2 Nbd7 11. f4 d5 12. e5
Ne8 13. c3 f5 14. exf6 Ndxf6 15. Ng3 Nd6 16. Qe2 Qd7 17. Rae1 Rae8 18. Rf3 Bd8
19. Kh1 Bc7 20. Ngf1 Qf7 21. Bg1 h5 22. Bh2 h4 23. Ne3 Nf5 $15 {Benjamin,
J-Tseshkovsky,V/Philadelphia op/1990/}) 10... d5 11. Rad1 Nbd7 12. e5 Ne8 13.
f4 f5 $1 14. exf6 Ndxf6 15. Bf2 Nc7 16. Bh4 Nfe8 17. Bxe7 Qxe7 18. g3 Nd6 $10 {
1/2:1/2,Kuporosov,V-Rashkovsky,N/RUS-ch Elista/1994/}) 9. g4 $5 Bg6 10. Nd2 d5
(10... e5 $5 $13) 11. f3 $6 (11. e5 $142 Ne4 12. Ncxe4 dxe4 13. Nc4 Nb6 $13)
11... Qc7 12. e5 (12. Kg2 dxe4 13. fxe4 e5 $1 14. d5 Bc5 $36 {עg2,e4}) 12...
h5 $1 13. f4 (13. Kg2 $5 hxg4 14. hxg4 Ng8 (14... Nxe5 15. Bf4 $14) 15. f4 f6
$13) (13. exf6 $2 Qg3+ 14. Kh1 hxg4 $19) 13... hxg4 14. hxg4 Ne4 15. Ncxe4 dxe4
16. f5 $2 (16. Kg2 $8 O-O-O $15) 16... exf5 17. gxf5 Nxe5 $1 18. Nxe4 (18. fxg6
$2 Nxg6 $1 19. Kf2 Bh4+ $19) (18. dxe5 $142 Qxe5 19. Bf4 (19. Rf4 Bc5 $1 20.
Bxc5 Qxf4 $19 {->}) 19... Qd4+ 20. Kg2 Bxf5 $17 {עg2}) 18... Nd3 $1 $19 {
/\Qh2#} 19. Rf3 $8 Qh2+ 20. Kf1 Nxb2 21. Qb1 Bxf5 $1 22. Nf2 (22. Rxf5 Qh3+ 23.
Ke1 Qxf5 $19) (22. Qxb2 Bxe4 23. Qxb7 Rb8 $19) 22... Bh3+ 23. Rxh3 (23. Ke1 $2
Bb4+ $19) (23. Nxh3 Rxh3 24. Bg1 (24. Qxb2 Qh1+ 25. Bg1 $8 Rxf3+ 26. Bxf3 Qxf3+
$19) 24... Qh1 $19) 23... Rxh3 24. Qxb2 (24. Nxh3 Qxh3+ 25. Kf2 Bh4+ $19) 24...
Rxe3 25. Qxb7 Rd8 26. Bc4 Kf8 27. Qxc6 Qf4 $1 {/\Rf3,Bh4->} 28. Rd1 Rf3 0-1

[Event "Interpolis"]
[Site "Tilburg"]
[Date "1992.10.13"]
[Round "2.3"]
[White "Smirin, Ilia"]
[Black "Hansen, Curt"]
[Result "1-0"]
[WhiteElo "2555"]
[BlackElo "2635"]
[Annotator "Stohl,I"]
[PlyCount "97"]
[EventDate "1992.10.08"]
[EventType "k.o."]
[EventRounds "7"]
[EventCountry "NED"]
[SourceTitle "CBM 032"]
[Source "ChessBase"]
[SourceDate "1993.02.01"]
[SourceVersion "1"]
[SourceVersionDate "1993.02.01"]
[SourceQuality "1"]

{Barrage 30'} 1. e4 d6 2. d4 Nf6 3. Bd3 e5 (3... c5 4. d5 $5 {N} (4. c3 {-B22})
4... c4 5. Bxc4 Nxe4 6. Qe2 Nf6 7. Nc3 g6 8. Nf3 Bg7 9. O-O O-O 10. Re1 Re8 11.
h3 a6 12. a4 b6 13. Be3 Bb7 14. Bd4 Nbd7 15. b4 Qc7 16. a5 b5 17. Bb3 Rac8 18.
Rad1 $14 {(),Gavrilov,A-Vorotnikov,V,Moscow VDFSO 1992,EXP 29}) 4. c3 Be7 (4...
d5 5. dxe5 Nxe4 6. Nd2 $5 Nc5 7. Bc2 Be7 8. b4 Ne6 9. Nb3 b6 10. f4 c5 11. f5
Ng5 12. Bxg5 Bxg5 13. Nf3 Ba6 14. bxc5 O-O 15. Bd3 Re8 16. O-O bxc5 17. Bxa6
Nxa6 18. Qe2 c4 19. Nbd4 $36 {Hort,V-Chernin,A,San Bernardino op 1991}) (4...
Nc6 5. Ne2 (5. Nf3 Be7 (5... g6 6. O-O Bg7 7. dxe5 (7. h3 $142 $5) 7... Nxe5 8.
Nxe5 dxe5 9. Na3 O-O 10. Qc2 Be6 11. Rd1 Qe7 12. Bc4 Bd7 13. Bg5 Rfd8 14. f3 b5
15. Bf1 a6 16. Qf2 Be6 17. Rxd8+ Rxd8 18. Nc2 h6 19. Be3 Bf8 $10 {Fuller,
M-Miles,A,Melbourne Masters 1992}) 6. O-O O-O 7. d5 Nb8 8. c4 Bg4 9. Nc3 Ne8
10. a3 a5 11. Rb1 Bxf3 12. Qxf3 Bg5 13. b4 Bxc1 14. Rfxc1 Nd7 15. Qe3 Nef6 16.
h3 Qe7 17. Be2 g6 18. Bd1 Rfc8 19. Na4 axb4 20. axb4 c5 $1 $13 {Kamsky,
G-Nikolic,P,Tilburg 1990,CBM 20}) 5... Be7 6. O-O O-O 7. f4 $5 exd4 8. cxd4 Bg4
9. Be3 Nb4 10. Nbc3 Nxd3 11. Qxd3 Bxe2 12. Qxe2 Re8 13. Rad1 Qc8 14. h3 $16 {
[+],Vospernik,A-Dolinar,D,Bled op 1992,CBM 29}) (4... c6 5. Nf3 (5. f4 $5 $14)
5... Qc7 6. O-O Be7 7. h3 O-O 8. Nbd2 Nbd7 9. Re1 Re8 10. a4 Nf8 11. b4 Ng6 12.
dxe5 dxe5 13. Bc4 h6 14. Qb3 Bf8 15. a5 Rb8 16. Nf1 b5 17. axb6 axb6 18. Qc2 b5
19. Bb3 Be6 $10 {Iuldashev,S-Tseshkovsky,V,Voskresensk 1992,CBM 31}) 5. Nf3
Nbd7 6. O-O O-O 7. Re1 c6 8. a4 Qc7 9. Nbd2 $14 {(),[+]} b6 (9... Re8 10. Nf1
Bf8 11. Ng3 g6 12. Bd2 $14) 10. Nf1 Re8 11. Ng3 Nf8 (11... Bf8 $5 {/\Bb7,a6,
b5<=>}) 12. h3 Ne6 13. Bd2 Bf8 14. Qc2 Bb7 15. b4 a6 (15... exd4 16. cxd4 c5
17. bxc5 (17. d5 cxb4 $5 18. Qxc7 Nxc7 19. Bxb4 Nd7 $14) (17. e5 Bxf3 18. exf6
Nxd4 19. Bxh7+ Kh8 $13) 17... bxc5 18. d5 $16) 16. Rad1 Rac8 17. Bf1 g6 18.
dxe5 (18. Be3 $5 $14) 18... dxe5 19. Be3 b5 (19... c5 $6 20. b5 $8 axb5 21.
axb5 $16 {/\Bc4,Nd2-c4}) (19... Nf4 $5 $132) (19... a5 20. Qb2 $5 (20. bxa5
bxa5 {/\Bc5=}) 20... axb4 21. cxb4 c5 22. Nxe5 cxb4 $132) 20. Nd2 $14 {><c5,a5}
a5 $6 21. bxa5 Qxa5 22. Nb3 $1 $16 Qc7 $8 (22... Qxa4 $2 23. Ra1 Ba3 24. Bc1
$18) 23. axb5 cxb5 24. Bxb5 Bc6 25. Ba6 (25. Bxc6 $6 Qxc6 $44) 25... Ra8 (25...
Bb7 26. Bxb7 Qxb7 27. c4 $16) 26. Ra1 h5 27. Nd2 (27. f3 $5) 27... Nc5 28. Bxc5
(28. Bf1 h4 29. Bxc5 $8 Bxc5 $44) 28... Bxc5 29. Nf3 Red8 (29... Qb6 30. Bc4 {
/\Ng5|^}) 30. Bc4 Ne8 31. Rad1 Nd6 32. Bb3 Qe7 33. Rd2 {/\Bd5} (33. Bd5 $6 Ba4
34. Bb3 Bc6) 33... Ra3 34. Bd5 Ba4 35. Qb2 $16 Kg7 36. Ra1 (36. c4 $2 Rb3 $1 {
/\} 37. Qxe5+ Qxe5 38. Nxe5 Rxg3 $19) 36... Nb5 37. Rxa3 Bxa3 38. Qa1 {/\c4+-}
h4 39. Ne2 (39. Nf1 $142 $18) 39... Nc7 40. Ra2 Nxd5 41. Rxa3 $6 (41. exd5 Bb5
42. Rxa3 Bxe2 43. c4 $1 $18) 41... Ne3 $1 $8 42. Ned4 $8 (42. Rxa4 $2 Rd1+ $15)
42... exd4 43. Rxa4 Nc2 (43... d3 44. fxe3 d2 45. Qd1 $18) 44. Qc1 d3 45. e5 $1
Qd7 46. Qg5 $1 (46. Rxh4 d2 47. Qd1 $8 Qd3 $13) 46... d2 (46... Qxa4 47. Qf6+
Kh7 (47... Kh6 48. Qxd8 {/\Qd3,Qh8#}) 48. Ng5+ Kh6 $8 49. Nxf7+ Kh7 50. Qxd8
$18) 47. Qf6+ Kg8 48. Rxh4 $1 d1=Q+ 49. Kh2 {/\Rh8#} 1-0

[Event "Interpolis"]
[Site "Tilburg"]
[Date "1992.10.13"]
[Round "2.3"]
[White "Beliavsky, Alexander G"]
[Black "Adams, Michael"]
[Result "0-1"]
[WhiteElo "2595"]
[BlackElo "2610"]
[Annotator "Stohl,I"]
[PlyCount "74"]
[EventDate "1992.10.08"]
[EventType "k.o."]
[EventRounds "7"]
[EventCountry "NED"]
[SourceTitle "CBM 032"]
[Source "ChessBase"]
[SourceDate "1993.02.01"]
[SourceVersion "1"]
[SourceVersionDate "1993.02.01"]
[SourceQuality "1"]

{Barrage 30'} 1. d4 d6 2. e4 Nf6 3. Nc3 e5 4. dxe5 dxe5 5. Qxd8+ Kxd8 6. Bg5
Be6 7. O-O-O+ Nbd7 (7... Kc8 8. f4 exf4 (8... h6 9. Bxf6 gxf6 10. f5 Bd7 11.
Nd5 Bg7 12. Rd3 c6 13. Rg3 cxd5 14. Rxg7 Rf8 15. Bd3 Bc6 16. exd5 Bxd5 17. Ne2
Nd7 18. Nc3 Bc6 19. Be4 Bxe4 20. Nxe4 $16 {Solozhenkin,E-Bryndin,V,St.
Petersburg chop 1992,EXP 28}) 9. e5 h6 10. Bxf4 Ng4 11. Rd2 g5 12. Bg3 Ne3 13.
Bd3 Nc6 14. Nf3 g4 15. Nh4 Be7 16. Rf2 Nb4 17. Be4 Ned5 18. Nxd5 Nxd5 19. Nf5
Bg5+ 20. Kb1 h5 $132 {Hjartarson,J-Bezold,M,BL 91/92}) 8. f4 (8. Nf3 Kc8 9.
Bxf6 gxf6 10. Nh4 c6 11. Nf5 b5 $5 {N} 12. h4 Bb4 13. Rh3 Rd8 14. Rg3 Kc7 15.
a3 Bf8 16. Ng7 Nc5 17. Be2 a5 18. Rxd8 Rxd8 19. f3 b4 $13 {Kostyra,S-Bartosik,
P,Wisla BES 1992,TD 92_04}) (8. f3 c6 9. g3 Be7 10. Bh3 Bxh3 11. Nxh3 Kc7 12.
Nf2 Ng4 13. Nxg4 Bxg5+ 14. Kb1 h5 15. Nf2 h4 16. Ne2 Be3 17. Ng4 Bb6 18. f4
exf4 19. gxf4 Rae8 $15 {Gizynski,T-Titov,G,Katowice op 1992,TD 92_04}) (8. g3
Be7 $6 (8... h6 $142 9. Bxf6+ gxf6 $13) 9. f4 g6 10. Nf3 exf4 11. gxf4 Nh5 12.
f5 $1 gxf5 13. exf5 Bxf5 14. Be2 Be6 15. Nd5 $44 Bxg5+ $2 16. Nxg5 Bxd5 17.
Rxd5 Nf4 18. Rd2 Ke7 19. Rf1 Rhg8 20. h4 $16 {Muhutdinov,M-Maljutin,E,Moscow
VDFSO 1992,EXP 29}) 8... exf4 9. Nf3 (9. e5 h6 10. Bh4 g5 $13) 9... h6 10. Bxf4
c6 11. Bd3 (11. Nd4 Bb4 12. Nxe6+ fxe6 13. Bd3 Ke7 14. Ne2 $6 Ng4 $1 15. Rdf1
Bc5 16. Bg3 Rhf8 17. Nf4 Nde5 18. Be2 Ne3 $17 {Biolek,R-Malaniuk,V,Katowice op
1992,TD 92_04}) 11... Bc5 $10 12. h3 (12. e5 Ng4 13. Ne4 Be3+ 14. Bxe3 Nxe3 15.
Rd2 Kc7 $132) 12... Ke7 13. Na4 (13. e5 Nh5 14. Bh2 Be3+ $10 {/\Bf4}) 13... g5
14. Bh2 $6 (14. Nxc5 Nxc5 15. Be5 Rhd8 $10) 14... Be3+ 15. Kb1 Nh5 16. Rhe1 Bf4
17. Bg1 $8 (17. Bxf4 Nxf4 18. Bf1 Rhd8 $15) 17... Bg3 $6 (17... Rhd8 $5 $15)
18. Rf1 Bd6 (18... Nf4 19. Nc5 {/\} Nxg2 $2 20. Nxd7 Bxd7 21. Bc5+ Ke8 22. Rg1
Bxh3 23. Bf1 $18) (18... Bc7 19. Nd4 $36) 19. e5 $5 Bc7 (19... Nxe5 20. Nc5 $44
) 20. Nc5 Nxc5 21. Bxc5+ Ke8 22. Nd4 Ng7 (22... Bxe5 $4 23. Nxe6 fxe6 24. Bg6#)
23. Rde1 (23. Bd6 $5 Bxd6 24. exd6 $36) 23... Bb6 $1 $10 24. Bxb6 axb6 25. g4
$2 (25. a3 Ke7 $10) 25... Bxa2+ 26. Kc1 Bd5 27. Kd2 b5 28. Rf2 Rd8 $17 29. Nf5
Nxf5 30. gxf5 (30. Rxf5 Ke7 $17) 30... Bc4 31. f6 (31. e6 Rd6 $1 32. exf7+ Kxf7
$19) 31... Bxd3 32. cxd3 Kd7 $19 {/\Ke6,><e5,d3} 33. h4 Ke6 34. Rg1 (34. hxg5
hxg5 35. Rg1 Rh5 $19) 34... gxh4 35. Rf4 Rd5 $1 (35... Kxe5 36. Rxh4 $17) 36.
d4 (36. Rxh4 Rxe5 $19) 36... Rhd8 37. Kc3 (37. Ke3 c5 $19) 37... b4+ (37... b4+
38. Kc4 b5+ $19) 0-1